|
|
|
|
| LEADER |
01173nam a2200265 a 4500 |
| 001 |
13018925 |
| 008 |
091101s2002 bg ab b 101 0 eng d |
| 010 |
|
|
|a \\2002291416
|
| 020 |
|
|
|a 9840516388
|
| 040 |
|
|
|a DLC
|c DLC
|d DLC
|
| 082 |
0 |
0 |
|a 337.5492
|2 21
|
| 245 |
0 |
0 |
|a Towards greater sub-regional economic cooperation :
|b limitation, obstacles, and benefits /
|c edited by Forrest E. Cookson, A.K.M. Shamsul Alam.
|
| 260 |
|
|
|a Dhaka :
|b University Press,
|c c2002.
|
| 300 |
|
|
|a xx, 443 p. :
|b ill., maps ;
|c 22 cm.
|
| 520 |
|
|
|a Contributed articles with special reference to Bangladesh presented earlier at a workshop.
|
| 504 |
|
|
|a Includes bibliographical references and index.
|
| 541 |
1 |
|
|e 00014411
|
| 651 |
|
0 |
|a Bangladesh
|x Foreign economic relations
|v Congresses.
|
| 651 |
|
0 |
|a Bangladesh
|x Commerce
|v Congresses.
|
| 651 |
|
0 |
|a South Asia
|x Economic integration
|v Congresses.
|
| 700 |
1 |
|
|a Cookson, Forrest E.
|
| 700 |
1 |
|
|a Shamsul Alam, A. K. M.
|
| 852 |
4 |
|
|a Ayesha Abed Library
|j General shelf
|
| 999 |
|
|
|c 5003
|d 5003
|
| 952 |
|
|
|0 0
|1 0
|2 ddc
|4 0
|6 337_549200000000000_TOW_2002
|7 0
|9 4826
|a BRACUL
|b BRACUL
|c GEN
|d 2009-11-02
|g 700.00
|l 0
|o 337.5492 TOW
|p 3010014411
|r 2009-11-02
|t 1
|w 2009-11-02
|y BK
|